000 01324nam a2200349 i 4500
001 bg
003 BPK
005 20190805090214.0
008 080925s2008 pl a f |001 0 pol
015 _aPB 2009/10985
020 _a9788301154134
040 _aWA N
_cBPK
041 1 _apol
_heng
080 _a577.2
080 _a574
080 _a(075.8)
100 1 _aFreeland, Joanna.
245 1 0 _aEkologia molekularna /
_cJoanna R. Freeland ; przekł. Robert Rutkowski, Michał Kozakiewicz.
246 1 _iTyt. oryg.:
_aMolecular ecology,
_f2005.
260 _aWarszawa :
_bWydawnictwo Naukowe PWN,
_c2008.
300 _aXIII, [1], 356, [2] s. :
_bil. ;
_c24 cm.
504 _aBibliogr. s. 303-332 i przy rozdz. Indeks.
521 8 _aPodręcznik akademicki dla studentów biologii - biologia molekularna, ekologia, biotechnologia, ochrona środowiska, rolnictwa, rybołówstwa wszystkich typów uczelni.
650 4 _aGenetyka molekularna.
655 4 _aPodręczniki akademickie
650 4 _aEkologia
700 1 _aRutkowski, Robert.
_eTł.
700 1 _aKozakiewicz, Michał.
_eTł.
710 2 _aWydawnictwo Naukowe PWN
_4pbl.
856 4 1 _uhttp://koha.tu.koszalin.pl/cgi-bin/koha/opac-detail.pl?biblionumber=55719
_zKatalog online BPK
942 _2UKD
_cKS
999 _c55719
_d55719